000
00302nam a22001337a 4500
008
170316b xxu||||| |||| 00| 0 eng d
020
_a
03540113223
041
_a
eng
080
_a
611
100
_a
7
101
_a
SHM
245
_a
GRAND MYEGRAPHY OF THE SPINE AND CORD
_c
DEREK..H.H
942
_2
udc
_c
BK
999
_c
7964
_d
7964